Score 0/12 Timer 01:00
0 Plays Today
Clue 4-Letter Word % Correct
♫ Knock, Knock, Knocking on Heaven's _____DOOR
98.6%
Lacking income or moneyPOOR
96%
A strip of leather on the waistBELT
94.8%
Alexander Graham _______BELL
93.9%
Yeast fermented drinkBEER
93.8%
Red edible root vegetableBEET
92.9%
Brown woodland creatureDEER
88.2%
A person that acts on somethingDOER
88.1%
To give in exchange for moneySELL
77.5%
Flow in a steady streamPOUR
76.5%
[With Rung 1] Essential Being✯SELF✯
49.5%
[With Rung 12] Associated with any person in general✯YOUR✯
38.7%

Today's Daily Dose

Remove Ads.
Support Sporcle.
Get the best of Sporcle when you Go Orange. This ad-free experience offers more features, more stats, and more fun while also helping to support Sporcle. Thank you for becoming a member.

You're not logged in!

Compare scores with friends on all Sporcle quizzes.
OR
Log In

Sporcle TV

Today on Sporcle TV


Watch our educational content, quiz creation guides, and fun videos on Sporcle TV.

Show Comments

Extras

Top Quizzes Today


Score Distribution

Paid Content

Your Account Isn't Verified!

In order to create a playlist on Sporcle, you need to verify the email address you used during registration. Go to your Sporcle Settings to finish the process.

Report this User

Report this user for behavior that violates our Community Guidelines.

Details: